The new English translation of the Roman Missal: (Record no. 6805)

MARC details
000 -LEADER
fixed length control field 00683nam a22002057a 4500
003 - CONTROL NUMBER IDENTIFIER
control field OSt
005 - DATE AND TIME OF LATEST TRANSACTION
control field 20251204103138.0
008 - FIXED-LENGTH DATA ELEMENTS--GENERAL INFORMATION
fixed length control field 251204b |||||||| |||| 00| 0 eng d
040 ## - CATALOGING SOURCE
Original cataloging agency DWC-Main lib
Transcribing agency OC
082 ## - DEWEY DECIMAL CLASSIFICATION NUMBER
Classification number Fil. 264.020 C559n 2011
100 ## - MAIN ENTRY--PERSONAL NAME
Personal name Chopungco, Anscar J.
245 ## - TITLE STATEMENT
Title The new English translation of the Roman Missal:
Remainder of title a catechetical primer/
Statement of responsibility, etc. Anscar J. Chupungco
260 ## - PUBLICATION, DISTRIBUTION, ETC.
Place of publication, distribution, etc. Manila:
Name of publisher, distributor, etc. Archdiocesan Liturgical Commission ,
Date of publication, distribution, etc. c2011.
300 ## - PHYSICAL DESCRIPTION
Extent 95 pages :
Other physical details illustrations ;
Dimensions 21cm.
650 ## - SUBJECT ADDED ENTRY--TOPICAL TERM
Topical term or geographic name entry element 1. Catholic church
650 ## - SUBJECT ADDED ENTRY--TOPICAL TERM
Topical term or geographic name entry element 2. Liturgical -- texts
650 ## - SUBJECT ADDED ENTRY--TOPICAL TERM
Topical term or geographic name entry element 3. Mass-- celebration
650 ## - SUBJECT ADDED ENTRY--TOPICAL TERM
Topical term or geographic name entry element 4. Missals
942 ## - ADDED ENTRY ELEMENTS (KOHA)
Source of classification or shelving scheme Dewey Decimal Classification
Koha item type Book-Filipiniana
Call number prefix Fil.
Suppress in OPAC No
952 ## - LOCATION AND ITEM INFORMATION (KOHA)
--
Holdings
Withdrawn status Lost status Source of classification or shelving scheme Damaged status Not for loan Home library Current library Shelving location Date acquired Source of acquisition Total Checkouts Full call number Barcode Date last seen Copy number Price effective from Koha item type Uniform Resource Identifier
    Dewey Decimal Classification     College Library College Library Filipiniana 03/23/2021 Donation   Fil. 264.020 C559n 2011 CL52780 12/04/2025 c1 12/04/2025 BK - FIL